Grafton Architects.

Uloženo v:
Podrobná bibliografie
Další autoři: O'Regan, John (Editor)
Médium: Kniha
Vydáno: Kinsale, Ireland: Gandon Editions, 1999.
Edice:Architecture Profile, 3.
Témata:
Tagy: Přidat tag
Žádné tagy, Buďte první, kdo vytvoří štítek k tomuto záznamu!

MARC

LEADER 00000nam a22000007a 4500
003 CL-VaPUC
005 20220824124200.0
008 220629b1999 ||||| |||| 00| 0 eng d
999 |c 436482  |d 436480 
020 |a 0946846057 
040 |c Pontificia Universidad Católica de Valparaíso 
082 0 4 |2 22  |a 720.9415 ORE 1999 
100 1 |a O'Regan, John   |e editor  |9 871674 
245 1 0 |a Grafton Architects. 
260 |a Kinsale, Ireland:  |b Gandon Editions,  |c 1999. 
300 |a 59 páginas. 
490 0 |a Architecture Profile,   |v 3. 
500 |a c.1 Donación Arquitecto Santiago Flores. Memo ARQ 09/2022. 03/06/2022. 
583 |c 20220629  |k Catalogador Asistente 
610 |a Grafton Architects  |x Catálogos  |9 874398 
650 1 |a Arquitectura moderna  |z Irlanda  |9 874140  |x Catálogos 
650 1 |a Historia de la arquitectura   |z Irlanda  |9 874378  |x Catálogos 
942 |2 ddc  |c BK 
952 |0 0  |1 0  |2 ddc  |4 0  |6 720_941500000000000_ORE_1999  |7 0  |8 A  |9 584147  |a BIBARQ  |b BIBARQ  |c GEN  |d 2022-06-29  |e Donación  |i 5652324  |o 720.9415 ORE 1999  |p 5652324  |r 2025-01-20  |t 1  |w 2022-06-29  |y BK  |k ARQ